000 01157cam a22003257a 4500
003 CHAP
005 20220329133352.0
008 971013s1992 r 00010 d
010 _a5548
011 _a6520
035 _a5740
040 _cCHAP
090 _aTesis
100 0 0 _aCastro Brindis, Rogelio.
_920333
245 0 _aRespuesta a la aplicación de B-9 y tipo de poda en el cultivo de jitomate (Lycopersicon esculentum Mill), en altas densidades de población bajo invernadero en sistema hidropónico
260 _aChapingo, Méx. :
_bEl Autor,
_c1992
300 _a117 h.
_b; gráfs. ; cuadros
502 _aTesis (Ing. Agr. Esp. en Fitotecnia) -- UACH. Departamento de Fitotecnia
590 _aALEPH
_b10
_c20130110
_lUCH01
_h1216
590 _aBATCH-UPD
_b10
_c20130110
_lUCH01
_h0915
590 _aBATCH-UPD
_b10
_c20130914
_lUCH01
_h0859
590 _aCONVERSION
_b10
_c20130109
_lUCH01
_h1304
650 1 4 _aHidroponía.
_955280
650 1 4 _aTomate
_xEspaciamiento.
_9113716
650 1 4 _aTomate
_xPoda.
_9113750
650 1 4 _aTomate
_xRendimiento.
_9113761
901 _aBK
942 _cTESIS
949 _bBC
_cTES
_d-15334
_eTS1
_h24757
_i5740
_si
999 _c5548
_d5548